Agricultura: Primera víctima del ajuste estructural /
En este artículo se realiza un análisis histórico del comportamiento del sector agropecuario nacional y la importancia que el mismo ha tenido en todos estos años en nuestra economía. Presenta diferentes cuadros estadísticos con datos acerca del producto interno agrícola, de 1961 a 1985, y luego los...
Guardado en:
| Autor principal: | |
|---|---|
| Formato: | Texto |
| Materias: | |
| Etiquetas: |
Agregar Etiqueta
Sin Etiquetas, Sea el primero en etiquetar este registro!
|
MARC
| LEADER | 00000 a a2200000 04500 | ||
|---|---|---|---|
| 001 | 1717 | ||
| 003 | |||
| 040 | |||
| 100 | |a Vargas Solís, Luis Paulino | ||
| 245 | |a Agricultura: |b Primera víctima del ajuste estructural / |c Luis Paulino Vargas Solís | ||
| 520 | |a En este artículo se realiza un análisis histórico del comportamiento del sector agropecuario nacional y la importancia que el mismo ha tenido en todos estos años en nuestra economía. Presenta diferentes cuadros estadísticos con datos acerca del producto interno agrícola, de 1961 a 1985, y luego los compara con el producto interno bruto industrial para el mismo período. Finalmente se presenta la evolución reciente de cuatro productos básicos: arroz, frijoles, maíz y sorgo | ||
| 650 | |a AJUSTE ESTRUCTURAL | ||
| 650 | |a AGRICULTURA | ||
| 650 | |a PRODUCTO INTERNO BRUTO | ||
| 650 | |a MCCA | ||
| 650 | |a PRODUCCION AGROPECUARIA | ||
| 650 | |a CREDITO AGRICOLA | ||
| 650 | |a CONSEJO NACIONAL DE PRODUCCION, CR | ||
| 650 | |a TASA DE INTERES | ||
| 650 | |a POLITICA CREDITICIA | ||
| 650 | |a CREDITO INDUSTRIAL | ||
| 650 | |a FMI | ||
| 650 | |a PRODUCTO INTERNO BRUTO | ||
| 650 | |a PRODUCCION AGROPECUARIA | ||
| 650 | |a PRECIOS AGRICOLAS | ||
| 650 | |a CREDITO AGRICOLA | ||
| 650 | |a TASA DE INTERES | ||
| 773 | |g número 42; páginas 18-23 | ||
| 999 | |c 23020 |d 23020 | ||
